00320nam a2200121 a 450000100100000000500170001000800410002702000150006804000250008324500300010826000310013830000290016900002398620200930022625.0110118s2006 sp a 000 0 spa d a9972209121 aDO-SdBNPbspacBNPHU00aFórmulas matemáticas. aBarcelona :bLexus,c2006. a271 p. :bils. ;c29 cm.